The Value of Hawaiʻi 3 (Record no. 66979)
[ view plain ]
| 000 -LEADER | |
|---|---|
| fixed length control field | 02710nam a2200277Ii 4500 |
| 008 - FIXED-LENGTH DATA ELEMENTS--GENERAL INFORMATION | |
| fixed length control field | 221202s xx 000 0 und d |
| 245 #4 - TITLE STATEMENT | |
| Title | The Value of Hawaiʻi 3 |
| 246 ## - VARYING FORM OF TITLE | |
| Title proper/short title | Hulihia, the Turning |
| 264 ## - PRODUCTION, PUBLICATION, DISTRIBUTION, MANUFACTURE, AND COPYRIGHT NOTICE | |
| Name of producer, publisher, distributor, manufacturer | University of Hawai'i Press |
| Date of production, publication, distribution, manufacture, or copyright notice | 2020 |
| 300 ## - PHYSICAL DESCRIPTION | |
| Extent | 1 online resource |
| 336 ## - CONTENT TYPE | |
| Content type term | text |
| Content type code | txt |
| Source | rdacontent |
| 337 ## - MEDIA TYPE | |
| Media type term | computer |
| Media type code | c |
| Source | rdamedia |
| 338 ## - CARRIER TYPE | |
| Carrier type term | online resource |
| Carrier type code | cr |
| Source | rdacarrier |
| 520 ## - SUMMARY, ETC. | |
| Summary, etc. | “Hulihia” refers to massive upheavals that change the landscape, overturn the normal, reverse the flow, and sweep away the prevailing or assumed. We live in such days. Pandemics. Threats to ʻāina. Political dysfunction, cultural appropriation, and disrespect. But also powerful surges toward sustainability, autonomy, and sovereignty. The first two volumes of The Value of Hawaiʻi (Knowing the Past, Facing the Future and Ancestral Roots, Oceanic Visions) ignited public conversations, testimony, advocacy, and art for political and social change. These books argued for the value of connecting across our different expertise and experiences, to talk about who we are and where we are going. In a world in crisis, what does Hawaiʻi’s experience tell us about how to build a society that sees opportunities in the turning and changing times? As islanders, we continue to grapple with experiences of racism, colonialism, environmental damage, and the costs of modernization, and bring to this our own striking creativity and histories for how to live peacefully and productively together. Steered by the four scholars who edited the previous volumes, The Value of Hawaiʻi 3: Hulihia, the Turning offers multigenerational visions of a Hawaiʻi not defined by the United States. Community leaders, cultural practitioners, artists, educators, and activists share exciting paths forward for the future of Hawaiʻi, on topics such as education, tourism and other economies, elder care, agriculture and food, energy and urban development, the environment, sports, arts and culture, technology, and community life. These visions ask us to recognize what we truly value about our home, and offer a wealth of starting points for critical and productive conversations together in this time of profound and permanent change. |
| 653 ## - INDEX TERM--UNCONTROLLED | |
| Uncontrolled term | History |
| 653 ## - INDEX TERM--UNCONTROLLED | |
| Uncontrolled term | Indigenous Studies |
| 653 ## - INDEX TERM--UNCONTROLLED | |
| Uncontrolled term | Regional Studies |
| 653 ## - INDEX TERM--UNCONTROLLED | |
| Uncontrolled term | Social Science |
| 653 ## - INDEX TERM--UNCONTROLLED | |
| Uncontrolled term | Social Science |
| 700 1# - ADDED ENTRY--PERSONAL NAME | |
| Personal name | Goodyear-Ka‘ōpua, Noelani |
| 700 1# - ADDED ENTRY--PERSONAL NAME | |
| Personal name | Howes, Craig |
| 700 1# - ADDED ENTRY--PERSONAL NAME | |
| Personal name | Osorio, Jonathan Kay Kamakawiwoʻole |
| 700 1# - ADDED ENTRY--PERSONAL NAME | |
| Personal name | Yamashiro, Aiko |
| 856 ## - ELECTRONIC LOCATION AND ACCESS | |
| Uniform Resource Identifier | <a href="https://library.oapen.org/bitstream/20.500.12657/47568/1/external_content.epubhttps://library.oapen.org/handle/20.500.12657/47568">https://library.oapen.org/bitstream/20.500.12657/47568/1/external_content.epubhttps://library.oapen.org/handle/20.500.12657/47568</a> |
| 942 ## - ADDED ENTRY ELEMENTS (KOHA) | |
| Koha item type | E-Book |
| Withdrawn status | Damaged status | Not for loan | Home library | Current library | Date acquired | Total Checkouts | Date last seen | Price effective from | Koha item type |
|---|---|---|---|---|---|---|---|---|---|
| Directory of Open Access Books | Directory of Open Access Books | 11/28/2022 | 11/28/2022 | 11/28/2022 | E-Book |